The Betrayal : (Record no. 124881)
[ view plain ]
| 000 -LEADER | |
|---|---|
| fixed length control field | 00752nam a22002417a 4500 |
| 003 - CONTROL NUMBER IDENTIFIER | |
| control field | dpl0 |
| 005 - DATE AND TIME OF LATEST TRANSACTION | |
| control field | 20180713103024.0 |
| 008 - FIXED-LENGTH DATA ELEMENTS--GENERAL INFORMATION | |
| fixed length control field | 180713b xxu||||| |||| 00| 0 eng d0 |
| 010 ## - LIBRARY OF CONGRESS CONTROL NUMBER | |
| LC control number | B-129992 |
| 020 ## - INTERNATIONAL STANDARD BOOK NUMBER | |
| Terms of availability | 200.00 |
| International Standard Book Number | 8188340073 |
| 035 ## - SYSTEM CONTROL NUMBER | |
| System control number | B-129999 |
| 037 ## - SOURCE OF ACQUISITION | |
| Source of stock number/acquisition | Cen Lib/Ret |
| 040 ## - CATALOGING SOURCE | |
| Original cataloging agency | DPL |
| Language of cataloging | EN |
| Transcribing agency | 0 |
| 082 ## - DEWEY DECIMAL CLASSIFICATION NUMBER | |
| Classification number | 305.56 |
| Item number | RAS |
| 100 ## - MAIN ENTRY--PERSONAL NAME | |
| Personal name | Rashtrapal, Praveen S. |
| 9 (RLIN) | 12254 |
| 245 #r - TITLE STATEMENT | |
| Title | The Betrayal : |
| Statement of responsibility, etc | by Parveen S. Rashtrpal |
| Remainder of title | an inside story / |
| 260 ## - PUBLICATION, DISTRIBUTION, ETC. (IMPRINT) | |
| Name of publisher, distributor, etc | Samrudh Bharat Publications |
| Place of publication, distribution, etc | Mumbai |
| Date of publication, distribution, etc | 2003 |
| 270 ## - ADDRESS | |
| Address | B-6, Shalimar Apt., W.E. Highway Santacruz(E) |
| City | Mumbai |
| Postal code | 400055 |
| 300 ## - PHYSICAL DESCRIPTION | |
| Extent | 262p. |
| Dimensions | 21m(pbk) |
| 650 ## - SUBJECT ADDED ENTRY--TOPICAL TERM | |
| Topical term or geographic name as entry element | Indian society |
| 9 (RLIN) | 5748 |
| 650 ## - SUBJECT ADDED ENTRY--TOPICAL TERM | |
| Topical term or geographic name as entry element | Social inequality |
| 9 (RLIN) | 34090 |
| 942 ## - ADDED ENTRY ELEMENTS (KOHA) | |
| Source of classification or shelving scheme | Dewey Decimal Classification |
| Koha item type | English Books |
| Classification part | 305.56 |
| Call number suffix | RAS |
| Withdrawn status | Lost status | Damaged status | Not for loan | Home library | Current library | Date acquired | Source of acquisition | Cost, normal purchase price | Total Checkouts | Full call number | Barcode | Date last seen | Copy number | Cost, replacement price | Price effective from | Koha item type | Source of classification or shelving scheme | Collection code |
|---|---|---|---|---|---|---|---|---|---|---|---|---|---|---|---|---|---|---|
| Central Library | Central Library | 18/06/2015 | Cen Lib/Ret | 200.00 | 305.56 RAS | B-129992 | 18/06/2015 | 1 | 200.00 | 15/09/2016 | English Books | |||||||
| Tri Nagar | Tri Nagar | 13/07/2018 | BPPD/pub | 200.00 | 305.56 RAS | B-129999 | 13/07/2018 | 200.00 | 13/07/2018 | English Books | Dewey Decimal Classification | Non-fiction |
